000 00238nam a22001097a 4500
020 _a9781465420275
100 _aEmma Grange
245 _aA new hope
260 _aNew York
_bDorling Kindersley
_c2014
490 _aStar wars
942 _cBK
999 _c262987
_d262986